मुग़ल सल्तानंत की अर्थव्यवस्था / (Record no. 215473)

MARC details
000 -LEADER
fixed length control field 00768nam a22001817a 4500
005 - DATE AND TIME OF LATEST TRANSACTION
control field 20260311151221.0
010 ## - LCCN (DPL NO)
LC control number BACHN26
020 ## - INTERNATIONAL STANDARD BOOK NUMBER
International Standard Book Number 9789360864330
Terms of availability 1495.00
037 ## - SOURCE OF ACQUISITION
Source of stock number/acquisition राजकमल प्रकाशन
082 ## - DEWEY DECIMAL CLASSIFICATION NUMBER
Edition number 1
Classification number 954.025
100 ## - MAIN ENTRY--PERSONAL NAME
Personal name मूसवी, शीरीं
245 ## - TITLE STATEMENT
Title मुग़ल सल्तानंत की अर्थव्यवस्था /
Statement of responsibility, etc शीरीं मूसवी ; नरेश द्वारा अनुवादित
250 ## - EDITION STATEMENT
Edition statement 1
260 ## - PUBLICATION, DISTRIBUTION, ETC. (IMPRINT)
Place of publication, distribution, etc नई दिल्ली
Name of publisher, distributor, etc राजकमल प्रकाशन
Date of publication, distribution, etc 2024
300 ## - PHYSICAL DESCRIPTION
Extent 463पृ.
Dimensions 22सेमी.(सजिल्द)
700 ## - ADDED ENTRY--PERSONAL NAME
Personal name नरेश
9 (RLIN) 88320
942 ## - ADDED ENTRY ELEMENTS (KOHA)
Source of classification or shelving scheme Dewey Decimal Classification
Classification part 954.025
Call number suffix मूसवी
Item type Hindi Books

No items available.


© Delhi Public Library
Hit Counter
free hit counter